| 000 | 00564nam a22002057a 4500 | ||
|---|---|---|---|
| 005 | 20260515114919.0 | ||
| 008 | 220528b ||||| |||| 00| 0 eng d | ||
| 020 | _a9789385439674 | ||
| 040 |
_aIN-DiNC _cIN-DiNC |
||
| 041 | _dasm | ||
| 082 |
_a320.954 _bGOH |
||
| 100 |
_aGohain, Nabin _eauthor |
||
| 245 |
_aBharatborshot rajnoitik prokriya _cby Nabin Gohain and Pankaj Bora |
||
| 250 | _a2nd ed. | ||
| 260 |
_aJorhat: _bBidyabhaban, _c2021. |
||
| 300 | _a356p. | ||
| 650 | _aPolitical process in india | ||
| 700 |
_aPankaj Borah _eauthor |
||
| 942 |
_2ddc _cBK |
||
| 999 |
_c11292 _d11292 |
||